Loading...
| Mythology | 0 | 4 | 0 | 1 | 40 | 53 | 98.25 | 0 | 1 | 0.00 | 0.00 |
| Science - Biology | 0 | 3 | 0 | 1 | 30 | 109 | 115.67 | 0 | 0 | 0.00 | 0.00 |
| History - American | 0 | 2 | 0 | 0 | 20 | 73 | 93.50 | 0 | 1 | 0.00 | 0.00 |
| Science - Chemistry | 0 | 2 | 0 | 0 | 20 | 62 | 62.50 | 0 | 2 | 0.00 | 0.00 |
| Literature - American | 0 | 2 | 0 | 1 | 20 | 136 | 142.50 | 0 | 0 | 0.00 | 0.00 |
| Literature - European | 0 | 2 | 0 | 0 | 20 | 103 | 108.00 | 0 | 0 | 0.00 | 0.00 |
| History - European | 0 | 2 | 0 | 1 | 20 | 114 | 122.00 | 0 | 0 | 0.00 | 0.00 |
| Science - Other | 0 | 2 | 0 | 1 | 20 | 112 | 114.50 | 0 | 0 | 0.00 | 0.00 |
| Social Science | 0 | 1 | 0 | 0 | 10 | 126 | 126.00 | 0 | 0 | 0.00 | 0.00 |
| History - Other | 0 | 2 | 2 | 1 | 10 | 94 | 112.00 | 0 | 0 | 0.00 | 0.00 |
| History - World | 0 | 1 | 0 | 0 | 10 | 124 | 124.00 | 0 | 0 | 0.00 | 0.00 |
| Literature - British | 0 | 1 | 0 | 0 | 10 | 109 | 109.00 | 0 | 1 | 0.00 | 0.00 |
| Literature - World/Other | 0 | 1 | 0 | 0 | 10 | 133 | 133.00 | 0 | 0 | 0.00 | 0.00 |
| Philosophy | 0 | 1 | 0 | 0 | 10 | 130 | 130.00 | 0 | 0 | 0.00 | 0.00 |
| Fine Arts - Visual | 0 | 1 | 0 | 0 | 10 | 93 | 93.00 | 0 | 1 | 0.00 | 0.00 |
| Geography/Current Events | 0 | 0 | 1 | 0 | -5 | 0.00 | 0 | 0 | 0.00 | 0.00 |